Statistics for Brazil World Cup 2002 Squad

Click here to take the quiz!

General Stats

  • This quiz has been taken 1,507 times
  • The average score is 12 of 23

Answer Stats

Position Club (Then) Club (Now) Answer % Correct
FWInter MilanRetiredRonaldo
98%
MDParis Saint-GermainAtletico MineiroRonaldinho
95%
DFAS RomaRetiredCafu
89%
MDBarcelonaKabuscorpRivaldo
89%
DFReal MadridAnzhi MakhachkalaRoberto Carlos
79%
GKCorinthiansPortuguesaDida
79%
MDSao PauloReal MadridKaka
77%
DFBayer LeverkusenFenerbahceLucio
67%
MDFlamengoRetiredJuninho Paulista
54%
GKPalmeirasRetiredMarcos
50%
FWReal BetisRetiredDenilson
48%
GKSao PauloSao PauloRogerio Ceni
46%
MDAtletico ParanaenseFlamengoJose Kleberson
42%
MDAtletico MineiroGremioGilberto Silva
42%
DFLyonRetiredEdmilson
40%
DFAC MilanRetiredRoque Junior
38%
DFParmaRetiredJunior
30%
MDCorinthiansRetiredVampeta
26%
FWGremioRetiredLuizao
23%
FWCruzeiroRetiredEdilson
22%
MDCorinthiansRetiredRicardinho
21%
DFGremioFree AgentAnderson Polga
18%
DFSao PauloRetiredJuliano Belletti
15%

Score Distribution

Percentile by Number Answered

Percent of People with Each Score

Your Score History

You have not taken this quiz